000 00504nam a2200169 4500
001 119433
003 ES-MaACL
005 20250904063056.0
007 t|
008 070214s1949 sp r ||||1| spa d
100 1 _aPérez Leñero, José,
_d-1980
_990963
245 1 0 _aTeoría general del Derecho español de Trabajo /
_cJosé Pérez Leñero.
260 _aMadrid :
_bEspasa Calpe,
_c1948.
300 _a411 p. ;
_c23 cm.
852 _aES-MaACL
_jF-5171
_bR.26861
999 _c119433
_d119433